|
|
|
|
| LEADER |
01005nab#a2200349#ar4500 |
| 001 |
000096521 |
| 003 |
SVKKK |
| 005 |
20090707152926.0 |
| 008 |
080509c2008 xo |||||||||||||||b|ger |
| FMT |
|
|
|
| 015 |
|
|
|a SNBRB2009/07
|
| 038 |
|
|
|a SVKKK
|
| 040 |
|
|
|a SVKKK
|b slo
|e AACR2
|
| 041 |
0 |
|
|a ger
|
| 044 |
|
|
|a xo
|c SK
|
| 080 |
|
|
|a 929 Greschner, Walther
|2 1997
|
| 080 |
|
|
|a 323.15=112.2(437.6)
|2 1997
|
| 100 |
1 |
|
|a Reitmeier-Zwick, Brunhilde
|4 aut
|
| 242 |
1 |
0 |
|a Predseda KDLM Dipl.-Kfm. Walther Greschner oslávi 75 rokov
|
| 245 |
1 |
4 |
|a Der Bundesvorsitzende der KDLM Dipl.-Kfm. Walther Greschner wird 75
|c Brunhilde Reitmeier-Zwick
|
| 300 |
|
|
|b Obr.
|
| 600 |
1 |
4 |
|a Greschner, Walther
|d 1934-
|
| 650 |
0 |
4 |
|a karpatskí Nemci
|z Slovensko
|
| 773 |
0 |
|
|t Karpatenjahrbuch 2009
|d Kežmarok : ViViT s.r.o., Ing. Mikuláš Lipták, 2008
|z 9788089264209
|g Roč. 60, s. 196-198
|
| 958 |
|
|
|a SK
|
| 958 |
|
|
|a BC
|
| 974 |
|
|
|a Ni
|
| 992 |
|
|
|a RZB
|
| BAS |
|
|
|
| 852 |
|
|
|a SVKKK
|b BIB
|
| EXP |
|
|
|
| 998 |
|
|
|a SLO
|